| 000 | 00693nam a2200289Ia 4500 | ||
|---|---|---|---|
| 005 | 20260324135412.0 | ||
| 008 | 008 260324s9999 xx 000 0 eng d | ||
| 020 | _a9780203134023 | ||
| 037 | _aEBOOK | ||
| 040 | _aCRL | ||
| 040 | _beng | ||
| 040 | _cCRL | ||
| 041 | _2eng | ||
| 041 | _aeng | ||
| 084 | _qCRL | ||
| 100 |
_aIan Hextall; Pat Mahony _91200471 |
||
| 245 | 0 | _aReconstructing Teaching | |
| 245 | 0 | _bStandards, Performance and Accountability | |
| 260 | _bTaylor and Francis | ||
| 260 | _c2000 | ||
| 365 | _a | ||
| 365 | _b300 | ||
| 856 | _uhttp://www.taylorfrancis.com/books/9780203134023 | ||
| 942 | _cEBOOK | ||
| 999 |
_c1801487 _d1801487 |
||